Transfery Sheffield U w letnim okienku transferowym 2020/21. - Statystyki

Ogólne statystyki
  • Ten quiz został rozwiązany 12 razy
    10 od ostatniego zresetowania
  • Średni wynik to 3 z 8
Statystyki odpowiedzi
Cena Pozycja Poprzedni klub Piłkarz % Poprawnych
20,50 mln Bramkarz Bournemouth Ramsdale
90%
Wypożyczenie Środkowy obrońca Chelsea Ampadu
60%
26,00 mln Środkowy napastnik Liverpool Brewster
60%
3,85 mln Prawy obrońca Derby Bogle
50%
3,85 mln Lewy obrońca Derby Lowe
30%
? Prawy napastnik West Brom Burke
20%
Za darmo Bramkarz Rangers Foderingham
20%
2,00 mln Środkowy pomocnik Sarpsborg Coulibaly
10%
Nie znaleziono quizów pasujących do podanych kryteriów
Rozkład punktacji
Procent ludzi z każdym wynikiem
Percentyl według liczby udzielonych odpowiedzi
Twoja historia wyników
Nie rozwiązałeś tego quizu od ostatniego zresetowania